Quizzes
Events
Quiz Creation
Community
Videos
Private Events
Remove Ads
Sign In
Join for FREE
Feedback
Dark Mode
Quiz Categories
Sports
Geography
Music
Movies
Television
Just For Fun
Miscellaneous
History
Literature
Language
Science
Gaming
Entertainment
Religion
Holiday
For Kids
Quiz Lab
Recent
Popular Today
Quiz Kudos Today
Editor Picks
Curator Picks
Quizzes by...
Day
Popularity
Type
Ratings
Length
Year
Community
Subscriptions
Recent Discussions
Orange Saloon
Badges
Playlists
Quests
Create
Leaderboards
Showdown
Live 5
Trivia Bingo
Activity
Puzzle Library
Sporcle Events
Private Events
Virtual Trivia
Globe League
Become a Host
Pub Owners
SporcleCon
Opinionation
Our Games
Videos
Blog
Mobile Apps
Partnerships
Remove Ads and Go Orange
Feedback
Sports
Athletes
MLB
NBA
NHL
NFL
Soccer
Sports Teams
WWE
NCAA
Football
Premier League
Basketball
Baseball
Hockey
Golf
Tennis
Cricket
Rugby
Auto Racing
Olympics
World Cup
Sports
Athletes
MLB
NBA
NHL
NFL
Soccer
Sports Teams
WWE
NCAA
Football
Premier League
Basketball
Baseball
Hockey
Golf
Tennis
Cricket
Rugby
Auto Racing
Olympics
World Cup
Random Quiz
Search Sporcle
×
Quiz Lab
Quiz Lab
Sports
NBA
Type in answers that appear in a list
Type in answers that appear in a list
Classic
Best Score? Go Orange.
Longest Active Playoff Streaks Stats
Can you name the Longest Active Playoff Streaks (Big 4)
By
jbradley311
5m
25 Questions
132 Plays
132 Plays
132 Plays
Comments
Comments
Give Quiz Kudos
Give Quiz Kudos
-
- Ratings
hide this ad
More Info
Replay
Link that replays current quiz
Next Quiz
Link to next quiz in quiz playlist
You Got
0%
They Got
Avg Score
55%
Avg Friend Score
Upgrade to see
Score Distribution
Jump to the score distribution portion of the page
Score
0/25
Timer
05:00
0
Plays Today
League
Team
% Correct
NBA
San Antonio Spurs
81.8%
NHL
Pittsburgh Penguins
81.8%
NFL
New England Patriots
79.5%
NFL
Green Bay Packers
67.4%
NHL
New York Rangers
66.7%
NHL
Chicago Blackhawks
65.2%
NBA
Golden State Warriors
62.1%
MLB
St. Louis Cardinals
60.6%
NHL
Detroit Red Wings
58.3%
NBA
Chicago Bulls
58.3%
NBA
Los Angeles Clippers
56.8%
NFL
Denver Broncos
55.3%
NHL
Montreal Canadiens
53%
League
Team
% Correct
NBA
Atlanta Hawks
50.8%
NHL
St. Louis Blues
49.2%
NBA
Memphis Grizzlies
42.4%
NBA
Houston Rockets
37.9%
MLB
Los Angeles Dodgers
35.5%
NFL
Seattle Seahawks
34.8%
NFL
Cincinnati Bengals
30.3%
NHL
Anaheim Ducks
28.8%
NHL
Minnesota Wild
24.2%
NFL
Carolina Panthers
22.6%
NBA
Brooklyn Nets
21.2%
MLB
Pittsburgh Pirates
14.5%
Quiz Playlist
Details
Report
Send in Message
Add To Playlist
More Info:
As of 1/7/16 MLB and NFL as of 2015 season NBA and NHL as of 2014-15 season
Classic:
Type in answers that appear in a list
Last Updated: Feb 16, 2017
Quiz Scoreboard
CHALLENGE
Sign Up to Join the Scoreboard
Show All
Scores
Hide
Comments
May contain spoilers
Recently Published
College Basketball Coaching Resumes
by pancakes188
Sports
9m
Billboard Blitz: Fleetwood Mac
by CooCooCachoo
Music
15s
Presidents Visiting Landmarks
by Hejman
History
7m
More to Explore
Quiz From the Vault
Featured Blog Post
Where Did the Easter Bunny Come From?
hide this ad
You Might Also Like...
Tags
MLB Quiz
NBA Quiz
NFL Quiz
NHL Quiz
NBA Finals
NBA Playoffs
NHL Playoffs
Playoff Series
Sports Championships
Today's Top Quizzes in Sports
Browse Sports
hide this ad
Today's Top Quizzes in NBA
Browse NBA
Top Contributed Quizzes in Sports
1
Les meilleurs buteurs des matchs entre le PSG et l’OM
2
2022 World Cup Stars
3
FIFA Club World Cup Champions
4
Les entraîneurs de l'OM et du PSG au 21e siècle
5
Criteria MLB: Left Handed Sluggers
6
AFC Teams Reveal (Wrong Answers Minefield)
7
5-to-1: UK Sports Teams
8
Name the Premier League winners with different clubs
9
5-to-1: FBS Animal Nicknames
10
Players with Multiple 50 Home Run Seasons
Explore More
Trending Topics
NBA
Disney
Anime
Marvel
Harry Potter
Kpop
Crossword
Soccer
NFL
Pokémon
Country
WWE
The Office
Song
Puzzle
hide this ad
More By:
jbradley311
Quiz
Plays
Rating
Category
Featured
Created
MLB Division Titles
31,608
4.56
Sports
Aug 5, 2012
NFL QB Playoff Wins (2000-2019)
2,423
4.42
Sports
Jan 2, 2016
MLB Top 100 Players Right Now 2017
1,826
4.67
Sports
Feb 19, 2017
2015 Fantasy Baseball Top 300
614
3.67
Sports
Feb 12, 2015
Red Sox Postseason Innings Pitched Since 2003
447
4.83
Sports
Jan 26, 2014
Go to Creator's Profile
Score Distribution
Quiz Creator Spotlight
jbradley311
Follow
Send a Message
Quizzes Created
-
Created Quiz Play Count
-
More By This Creator
Popular Quizzes Today
1
Find the US States - No Outlines Minefield
2
Find the Countries of Europe - No Outlines Minefield
3
The Countries of the World
4
Find the US States
5
Risky Map Clicking: Biggest States A-Z
6
US States
7
Popular People in 1961
8
Movies - When Are They Set?
More Sports Quizzes
100 Greatest NHL Players
Quiz Lab
Trending Quizzes
Risky Map Clicking: Least Populous States A-Z
1-10 Letter G Words
1-10 Letter F Words
Risky Map Clicking: Next State Alphabetically
Click the Washington State Counties! (Map)
Recently Updated
Leaping Animals
pecheneg
Reality TV Shows (A-Z)
bhenderson79
Rickey Henderson's Hall of Fame Teammates
pecheneg
Champions League XIs: Arsenal
pecheneg
Quick Pick: Celebrities in WWE's Hall of Fame
aduchscher
A-Z Keypad Blitz II
pecheneg
Multiple Oscar Actors
pecheneg
Mystery Phrase Blitz: Oscar 'Best Actors'
pecheneg
F. Scott Fitzgerald Novels
LTH
Pick 3 Villains
ddd62291
Trending Topics
Anime
Harry Potter
NBA
Disney
Marvel
Kpop
Crossword
WWE
The Office
Country
Song
NFL
Puzzle
Pokémon
Soccer
Your Account Isn't Verified!
In order to create a playlist on Sporcle, you need to verify the email address you used during registration. Go to your
Sporcle Settings
to finish the process.
Report this User
Report this user for behavior that violates our
Community Guidelines
.
Details:
Send Report
Go to the Sporcle.com Mobile Site →
Comments